LEADER 01088nam0 22002651i 450 001 UON00099343 005 20231205102546.59 100 $a20020107d1925 |0itac50 ba 101 $aita 102 $aIT 105 $a|||| 1|||| 200 1 $aˆL'‰origine dei presenti in -t nel medio-persiano dei libri$fAntonino Pagliaro 205 $aTorino : [s.n.]$b1925 210 $aP. 219-233$d377-387 ; 24 cm 215 $aEstratto dagli " Atti della Reale Accad. delle Scienze di Torino vol LX 606 $aLingue iraniche antiche$3UONC029401$2FI 620 $aIT$dTorino$3UONL000014 676 $a491.51$cLingue iraniche occidentali antiche$v21 700 1$aPagliaro$bAntonino$3UONV003260$0156430 801 $aIT$bSOL$c20241122$gRICA 899 $aSIBA - SISTEMA BIBLIOTECARIO DI ATENEO$2UONSI 912 $aUON00099343 950 $aSIBA - SISTEMA BIBLIOTECARIO DI ATENEO$dSI GLOTT B 4 III 016 $eSI GL 14 7 016 996 $aOrigine dei presenti in -t nel medio-persiano dei libri$91309558 997 $aUNIOR LEADER 02106nam0 22004093i 450 001 SBL0302704 005 20251003044351.0 020 $aIT$b829332 100 $a20231121d1980 ||||0itac50 ba 101 | $aita 102 $ait 181 1$6z01$ai $bxxxe 182 1$6z01$an 183 1$6z01$anc$2RDAcarrier 200 1 $aMemoria illustrativa della carta della utilizzazione del suolo della Lombardia$efogli 3, 4, 5, 6, 7 della carta dell'utilizzazione del suolo d'Italia$fRoberto Pracchi$gcon la collaborazione di G. Corna Pellegrini e P. L. Beretta 210 $aRoma$cConsiglio nazionale delle ricerche$dstampa 1980 215 $a207 p.$cill.$d24 cm. 225 | $aMemorie regionali illustrative della carta della utilizzazione del suolo d'Italia$v16 410 0$1001MIL0179352$12001 $aMemorie regionali illustrative della carta della utilizzazione del suolo d'Italia$v16 606 $aLombardia$xZone agricole$2FIR$3LO1C964154$9I 676 $a338.1$9$v18 676 $a338.109452$9AGRICOLTURA. LOMBARDIA$v19 696 $aAree agricole 699 $aZone agricole$yAree agricole 700 1$aPracchi$b, Roberto$3RAVV083831$4070$033310 702 1$aCorna Pellegrini$b, Giacomo$3CFIV010613$4070 702 1$aBeretta$b, Pier Luigi$3SBLV162227$4070 801 3$aIT$bIT-000000$c20231121 850 $aIT-BN0095 $aIT-NA0079 901 $bNAP BN$cC $nComprende volumi con collocazioni per formato catalogati prima del 1987. La consegna del doc. é effettuata dall'Uff. Distribuzione. 901 $bNAP 01$cSALA $n$ 901 $bNAP BN$cB $nComprende volumi con collocazioni per formato catalogati prima del 1987. La consegna del doc. é effettuata dall'Uff. Distribuzione. 912 $aSBL0302704 950 0$aBiblioteca Centralizzata di Ateneo$c1 v.$d 01SALA 338.1 PRA.me$e 0104 0000005415 VMA 1 v.$fA $h20070522$i20070522 977 $a 01$a BN 996 $aMemoria illustrativa della carta della utilizzazione del suolo della Lombardia$9108689 997 $aUNISANNIO